000 00288nam a2200121Ia 4500
008 240731s9999 xx 000 0 und d
022 _a1467-8713
245 0 _aCultural Values
260 _bRoutledge
856 _uhttps://www.tandfonline.com/loi/rcuv19
942 _2ddc
942 _cTFEJ
999 _c76170
_d76170
945 _a1
_bMadushi Gamage
_c1
_dMadushi Gamage